| 000 | 00770nam a2200241Ia 4500 | ||
|---|---|---|---|
| 003 | OSt | ||
| 005 | 20251203152501.0 | ||
| 008 | 210716s2015 xx 000 0 und d | ||
| 020 | _a9788184874129 | ||
| 040 | _cAIMIT LIBRARY | ||
| 041 | _aeng | ||
| 082 |
_a006.321 _21 _bHOOD |
||
| 100 |
_aHooda, D S. _9247443 |
||
| 245 |
_aFuzzy set theory and fuzzy controller / _cBy D S Hooda and Vivek Raich. |
||
| 250 | _a1st ed. | ||
| 260 |
_aNew Delhi : _bNarosa Publishing House, _c2015. |
||
| 300 |
_aix,9.27,I.3P. ; _bPB _c24.6 cm |
||
| 650 |
_aFuzzy numbers and arithmetic _9247444 |
||
| 650 |
_aFuzzy system with applications _9247445 |
||
| 650 |
_aDecision making in fuzzyenvironment _9247446 |
||
| 700 |
_aRaich, Vivek. _9247447 |
||
| 942 |
_2ddc _cBK _e1st _k006.321 HOOD |
||
| 999 |
_c195329 _d195329 |
||